Akta Kastam Dan Peraturan-peraturan (Record no. 4768)

000 -LEADER
fixed length control field nam a22 a 4500
005 - DATE AND TIME OF LATEST TRANSACTION
control field 20190628093735.0
008 - FIXED-LENGTH DATA ELEMENTS--GENERAL INFORMATION
fixed length control field 180913|2018 my ||||| |||| 00| 0 eng d
020 ## - INTERNATIONAL STANDARD BOOK NUMBER
International Standard Book Number 9789677014084
Terms of availability RM 84.00
040 ## - CATALOGING SOURCE
Original cataloging agency AKMAL
082 ## - DEWEY DECIMAL CLASSIFICATION NUMBER
Classification number 343.595056 MAL
090 ## - LOCALLY ASSIGNED LC-TYPE CALL NUMBER (OCLC); LOCAL CALL NUMBER (RLIN)
Classification number (OCLC) (R) ; Classification number, CALL (RLIN) (NR) 343.595056
Local cutter number (OCLC) ; Book number/undivided call number, CALL (RLIN) MAL
245 ## - TITLE STATEMENT
Title Akta Kastam Dan Peraturan-peraturan
Remainder of title Akta 235 (Diterbit dan dicetak pada Julai 2018)
260 ## - PUBLICATION, DISTRIBUTION, ETC.
Place of publication, distribution, etc. Pudu, Kuala Lumpur
Name of publisher, distributor, etc. MDC Publishers Sdn Bhd
Date of publication, distribution, etc. 2018
300 ## - PHYSICAL DESCRIPTION
Other physical details 234 m.s
Dimensions 26cm
650 ## - SUBJECT ADDED ENTRY--TOPICAL TERM
Topical term or geographic name entry element akta dan peraturan-peraturan
9 (RLIN) 8370
942 ## - ADDED ENTRY ELEMENTS (KOHA)
Source of classification or shelving scheme
Koha item type Book
Holdings
Withdrawn status Lost status Source of classification or shelving scheme Damaged status Not for loan Collection code Home library Current library Shelving location Date acquired Inventory number Total Checkouts Full call number Barcode Date last seen Date last checked out Price effective from Koha item type Total Renewals
          NON-FICTION AKMAL Melaka AKMAL Melaka PINJAMAN 13.09.2018 307219 7 343.595056 MAL 201707717 18.09.2019 23.08.2019 13.09.2018 Book  
          NON-FICTION AKMAL Melaka AKMAL Melaka PINJAMAN 13.09.2018 307220 5 343.595056 MAL 201707721 18.09.2019 23.08.2019 13.09.2018 Book 1
          NON-FICTION AKMAL Melaka AKMAL Melaka PINJAMAN 13.09.2018 307221 6 343.595056 MAL 201707719 23.06.2020 09.03.2020 13.09.2018 Book  
          NON-FICTION AKMAL Melaka AKMAL Melaka PINJAMAN 13.09.2018 307222 6 343.595056 MAL 201707720 09.03.2020 24.02.2020 13.09.2018 Book  
          NON-FICTION AKMAL Melaka AKMAL Melaka PINJAMAN 13.09.2018 307223 7 343.595056 MAL 201707728 07.09.2020 06.07.2020 13.09.2018 Book  
Pusat Sumber Maklumat Dato' Haji Sarmin Md Hussin, Akademi Kastam Diraja Malaysia, Melaka
Tel: 06-2331106 | Faks: 06-2313787